000 01369cam a2200433 a 4500
001 43238
005 20230410132909.0
008 980610s1998 fr c b 001 0cfre
010 _a 98158993
035 _a(OCoLC)ocm41712921
040 _aDLC
_cDLC
_dFHA
_dNYP
_dNLC
_dTZT
020 _a2738464785
029 1 _aTZT
_bJTL00012967
029 1 _aNLC
_b980132568
035 _a(OCoLC)41712921
_z(OCoLC)39293597
043 _an-us---
050 1 4 _aB Q 141
_bA634i 1998
082 0 0 _a500.92
049 _aGRAL
100 1 _aAntoine, Yves.
245 1 0 _aInventeurs et savants noirs /
_cYves Antoine.
260 _aParis :
_bL'Harmattan,
_cc1998.
300 _a142 p. :
_bports. ;
_c22 cm.
504 _aIncludes bibliographical references (p. [127]-131) and index.
650 0 _aAfrican American scientists
_vBiography.
650 4 _aCEH
650 4 _aColección Estudios Haitianos
650 6 _aScientifiques negro-americains
_xBiographies.
650 6 _aInventeurs negro-americains
_xBiographies.
650 6 _aSavants negro-americains
_xBiographies.
650 7 _aSavants.
_2ram
650 7 _aScientifiques.
_2ram
650 7 _aInventeurs.
_2ram
650 7 _aNoirs
_xVie intellectuelle.
_2ram
653 _aScience
_aBiographies
938 _aJean Touzot Libraire Editeur
_bTOUZ
_nJTL00012967
_c85 FRF
942 _2lcc
_cbk
994 _aC0
_bDRFGD
999 _c89774
_d89774